Panduan ilmu dan hikmah (Record no. 104590)

MARC details
000 -LEADER
fixed length control field 00666nam a2200241 i 4500
001 - CONTROL NUMBER
control field C2-0300736
003 - CONTROL NUMBER IDENTIFIER
control field PPAK
005 - DATE AND TIME OF LATEST TRANSACTION
control field 20180728082214.0
008 - FIXED-LENGTH DATA ELEMENTS--GENERAL INFORMATION
fixed length control field 091118s2006 io |||| ||||| | may d
020 ## - INTERNATIONAL STANDARD BOOK NUMBER
International Standard Book Number 9793036400
040 ## - CATALOGING SOURCE
Original cataloging agency PPAK
Language of cataloging eng
Transcribing agency PPAK
Description conventions rda
082 04 - DEWEY DECIMAL CLASSIFICATION NUMBER
Classification number 297.124
Edition number 23
090 00 - LOCALLY ASSIGNED LC-TYPE CALL NUMBER (OCLC); LOCAL CALL NUMBER (RLIN)
Classification number (OCLC) (R) ; Classification number, CALL (RLIN) (NR) 297.124
Feature heading IBN
Feature heading R
100 0# - MAIN ENTRY--PERSONAL NAME
Personal name Ibnu Rajab,
Relator term author
245 10 - TITLE STATEMENT
Title Panduan ilmu dan hikmah
264 #1 - PRODUCTION, PUBLICATION, DISTRIBUTION, MANUFACTURE, AND COPYRIGHT NOTICE
Place of production, publication, distribution, manufacture Jakarta, Indonesia :
Name of producer, publisher, distributor, manufacturer Darul-Falah ,
Date of production, publication, distribution, manufacture, or copyright notice 2006
300 ## - PHYSICAL DESCRIPTION
Extent lii, 1029 pages ;
Dimensions 25 cm
336 ## - CONTENT TYPE
Source rdacontent
Content type term text
337 ## - MEDIA TYPE
Source rdamedia
Media type term unmediated
338 ## - CARRIER TYPE
Source rdacarrier
Carrier type term volume
650 10 - SUBJECT ADDED ENTRY--TOPICAL TERM
Topical term or geographic name entry element Hadith - Criticism, interpretation, etc.
942 ## - ADDED ENTRY ELEMENTS (KOHA)
-- dc
Koha item type Book
Holdings
Withdrawn Not for loan Current library Shelving location Date acquired Full call number Barcode Date last seen Koha item type
  Not For Loan Perpustakaan Alor Setar Rujukan Dewasa 30/11/2009 R 297.124 IBN A01328950 09/05/2018 Book
  Not For Loan Perpustakaan Awam Sungai Petani Rujukan Dewasa 30/11/2009 R 297.124 IBN A01328951 09/05/2018 Book
  Not For Loan Perpustakaan Baling Rujukan Dewasa 30/11/2009 R 297.124 IBN A01328953 09/05/2018 Book
  Not For Loan Perpustakaan Bandar Baharu Rujukan Dewasa 06/12/2009 R 297.124 IBN A01335884 09/05/2018 Book
  Not For Loan Perpustakaan Jitra Rujukan Dewasa 06/12/2009 R 297.124 IBN A01335882 09/05/2018 Book
  Not For Loan Perpustakaan Kulim Rujukan Dewasa 30/11/2009 R 297.124 IBN A01328952 09/05/2018 Book
  Not For Loan Perpustakaan Langkawi Rujukan Dewasa 06/12/2009 R 297.124 IBN A01335883 09/05/2018 Book
  Not For Loan Perpustakaan Merbok Rujukan Dewasa 30/11/2009 R 297.124 IBN A01328954 09/05/2018 Book
  Not For Loan Perpustakaan Pendang Rujukan Dewasa 06/12/2009 R 297.124 IBN A01335886 09/05/2018 Book
  Not For Loan Perpustakaan Yan Rujukan Dewasa 06/12/2009 R 297.124 IBN A01335885 09/05/2018 Book